Analecta Montserratensia. (Record no. 173069)

MARC details
000 -LEADER
campo de control de longitud fija 00634nas a2200229 i 4500
001 - NÚMERO DE CONTROL
campo de control 173069
003 - IDENTIFICADOR DE NÚMERO DE CONTROL
campo de control ES-MaACL
005 - FECHA Y HORA DE LA ÚLTIMA TRANSACCIÓN
campo de control 20250217134832.0
008 - DATOS DE LONGITUD FIJA--INFORMACIÓN GENERAL
campo de control de longitud fija 091027d19171965sp | | ||at d
022 ## - NÚMERO INTERNACIONAL NORMALIZADO PARA PUBLICACIONES SERIADAS
Número Internacional Normalizado para Publicaciones Seriadas 0213-263X
080 ## - NÚMERO DE LA CLASIFICACIÓN DECIMAL UNIVERSAL
Número de la Clasificación Decimal Universal 271
080 ## - NÚMERO DE LA CLASIFICACIÓN DECIMAL UNIVERSAL
Número de la Clasificación Decimal Universal 05(46.711 Montserrat) "1917"
245 00 - MENCIÓN DEL TÍTULO
Título Analecta Montserratensia.
260 ## - PUBLICACIÓN, DISTRIBUCIÓN, ETC.
Lugar de publicación, distribución, etc. Montserrat :
Nombre del editor, distribuidor, etc. Monestir de Montserrat,
Fecha de publicación, distribución, etc. 1918-65.
300 ## - DESCRIPCIÓN FÍSICA
Extensión 1 v. ;
Dimensiones 28 cm.
362 0# - FECHAS DE PUBLICACIÓN Y/O DESIGNACIÓN SECUENCIAL
Fecha de publicación y/o designación secuencial Vol. 1-v. 10.
650 04 - PUNTO DE ACCESO ADICIONAL DE MATERIA--TÉRMINO DE MATERIA
Término de materia o nombre geográfico como elemento de entrada Órdenes y congregaciones religiosas
9 (RLIN) 15747
780 00 - ENLACE A UN TÍTULO/ENTRADA ANTERIOR
Título Revista montserratina
852 ## - LOCALIZACIÓN
Ubicación ES-MaACL
Número de control de estantería G-15138
866 #0 - MENCIÓN TEXTUAL DE FONDOS--UNIDAD BIBLIOGRÁFICA BÁSICA
Fondos 1917
Holdings
Estatus retirado Estado de pérdida Estado de daño No para préstamo Colección Biblioteca de origen Biblioteca actual Ubicación en estantería Fecha de adquisición Fuente de adquisición Total de préstamos Signatura topográfica completa Código de barras Visto por última vez Precio de reemplazo Tipo de ítem Koha
        Periódicos y Revistas Biblioteca del Ateneo de Madrid Biblioteca del Ateneo de Madrid Sala Pecera Planta 3 27/10/2009     G-15138 1181601 23/02/2023 23/02/2023 Revista